| 000 | 00582nam a2200181 i 4500 | ||
|---|---|---|---|
| 001 | 40590 | ||
| 003 | ES-MaACL | ||
| 005 | 20250820063029.0 | ||
| 007 | t| | ||
| 008 | 030306s1871 sp ||||1| spa d | ||
| 100 | 0 |
_aCarreras y Lastortras, Luis, _d1840-1888 _935690 |
|
| 245 | 1 | 0 |
_aParís a sangre y fuego _b: jornadas de la comuna / _cpor Luis Carreras. |
| 260 |
_aBarcelona : _bI. López, _c1871 ( _fEl Porvenir) |
||
| 300 |
_a46 p. : _bil. ; _c26 cm. |
||
| 651 | 4 |
_aParís- _xHistoria- _y1871, Comuna. _99212 |
|
| 852 |
_aES-MaACL _jFol-Laf-164 |
||
| 999 |
_c40590 _d40590 |
||